Bài tập thực hành Photoshop 6.0

Guardat en:
Dades bibliogràfiques
Autor principal: Đăng Khoa
Format: Llibre
Idioma:Undetermined
Publicat: Tp. HCM Thống Kê 2002
Matèries:
Etiquetes: Afegir etiqueta
Sense etiquetes, Sigues el primer a etiquetar aquest registre!
Thư viện lưu trữ: Trung tâm Học liệu Trường Đại học Cần Thơ
LEADER 00553nam a2200193Ia 4500
001 CTU_54080
008 210402s9999 xx 000 0 und d
020 |b 39000 
082 |a 006.68 
082 |b Đ116 
100 |a Đăng Khoa 
245 0 |a Bài tập thực hành Photoshop 6.0 
245 0 |c Đăng Khoa 
260 |a Tp. HCM 
260 |b Thống Kê 
260 |c 2002 
650 |a photoshop ( computer program language ),computer graphics 
650 |x computer programs 
980 |a Trung tâm Học liệu Trường Đại học Cần Thơ